Euroopan maantiedettä kirjaimittain - E - Statistics

Yleistilastot
  • Tätä visaa on pelattu 1 614 kertaa
  • Keskiarvotulos 9 / 20
Vastaustilastot
Vihje Vastaus % Oikein
Pariisin korkein torni Eiffel-torni
98%
Yksi Suomen väkirikkaimmista kaupungeista Espoo
95%
Pyreneiden niemimaalla sijaitseva valtio Espanja
89%
20:n valtion käyttämä valuutta Euro
88%
Skotlannin pääkaupunki Edinburgh
83%
Erittäin aktiivinen tulivuori Sisiliassa Etna
78%
Suomen kunta, jossa Olkiluodon ydinvoimalat sijaitsevat Eurajoki
59%
Kreikan ja Turkin erottava meri {Egean}meri
55%
Ranskan ja Britannian erottava vesialue Englannin kanaali
54%
Hampurin ja Dresdenin läpi virtaava joki Elbe
43%
Kaupunki lähellä Düsseldorfia ja Kölniä Essen
36%
Euroopan korkein vuori Elbrus
32%
Italiassa sijaitseva saari, jolle Napoleon karkotettiin Elba
29%
Entinen anglosaksinen kuningaskunta ja nykyinen kreivikunta Englannin itäosissa Essex
29%
Saksalle kuuluva Pommerin osa {Etu}-Pommeri
29%
Italialle kuuluva pääosin saksankielinen maakunta Etelä-Tiroli
13%
Espanjan pisin joki Ebro
11%
Hallinnollinen alue Lombardian ja Toscanan välissä Italiassa Emilia-Romagna
9%
Kreikan toiseksi suurin ja väkirikkain saari Euboia
7%
Itsehallintoalue Espanjan länsiosissa Extremadura
5%
Ehtoja vastaavia visoja ei löytynyt
Tulosjakauma
Jokaisen tuloksen saaneiden osuus
Persentiili vastausten määrän mukaan
Tuloshistoriasi
Et ole pelannut tätä visaa